BIG TEN Football Members History - Statistics

General Stats
  • This quiz has been taken 55 times
  • The average score is 18 of 19
Answer Stats
Current Status Team % Correct
BIG TEN Indiana
100%
BIG TEN Michigan
100%
BIG TEN Michigan State
100%
BIG TEN Purdue
100%
BIG TEN Illinois
98%
BIG TEN Iowa
98%
BIG TEN Minnesota
96%
BIG TEN Oregon
96%
BIG TEN Rutgers
96%
BIG TEN Wisconsin
96%
BIG TEN Penn State
94%
BIG TEN UCLA
94%
BIG TEN USC
94%
BIG TEN Washington
94%
BIG TEN Maryland
92%
BIG TEN Northwestern
92%
BIG TEN Ohio State
92%
BIG TEN Nebraska
90%
Division III Chicago
65%
No matching quizzes found
Score Distribution
Percent of People with Each Score
Percentile by Number Answered
Your Score History
You have not taken this quiz